Halifax Quiz - Statistics

General Stats
  • This quiz has been taken 67 times
  • The average score is 12 of 20
Answer Stats
Hint Answer % Correct
University established in 1818 {Dalhousie} University
94%
Event in 1917 that decimated Halifax Harbour Halifax {Explosion}
87%
Fortification built on the hill above Halifax Harbour Halifax {Citadel}
85%
University established in 1802 {St. Mary's} University
85%
QMJHL hockey team Halifax {Mooseheads}
79%
Official food of the city, nominated in 2015 Donair
73%
Sandy island located 300 km southeast of Halifax {Sable} Island
71%
Two of the former municipalities Dartmouth
69%
Famous lighthouse on St. Margaret's Bay {Peggy's Point} Lighthouse
63%
Brewery founded in 1820 {Alexander Keith's} Brewery
58%
Two of the former municipalities Bedford
58%
Holiday celebrating the city's founding {Natal} Day
58%
Annual music and dance show inspired by military tradition Royal Nova Scotia International {Tattoo}
44%
Mi'kmaq name for the region K'jipuktuk (Great Harbour)
42%
University established in 1789 University of {King's College}
42%
Year of European settlement 1749
35%
Community with Canada's largest concentration of African-Canadians North Preston
31%
Canal that links Halifax Harbour to the Bay of Fundy {Shubenacadie} Canal
31%
Event in 1996 that brought 4 municipalities together Amalgamation
29%
Cannon that fires to announce midday Noon Gun
25%
No matching quizzes found
Score Distribution
Percent of People with Each Score
Percentile by Number Answered
Your Score History
You have not taken this quiz